[Event "National interclub championship"]
[Site "Mons"]
[Date "1998.01.11"]
[Round "7"]
[White "Schebler, Gerhard"]
[Black "Spiridonov, Nikola Iovinsky"]
[Result "0-1"]
[WhiteElo "2450"]
[BlackElo "2395"]
[Board "2"]
[WhiteTeam "SK Eupen '47"]
[BlackTeam "L'Échiquier du Grand-Mons"]
[WhiteTitle "IM"]
[BlackTitle "FM"]
[PlyCount "74"]
[EventDate "1997.10.05"]
[Source "BelgaBase"]

1. Nf3 c5 2. c4 g6 3. e4 Bg7 4. d4 cxd4 5. Nxd4 Nc6 6. Be3 Nf6 7. Nc3 d6 8. Be2
O-O 9. O-O Bd7 10. Nc2 Ne8 11. Qd2 Qa5 12. Rab1 Bxc3 13. bxc3 b6 14. Rb3 Qe5
15. f4 Qxe4 16. Bd3 Qe6 17. f5 Qe5 18. Nd4 Qh8 19. Nxc6 Bxc6 20. Bd4 f6 21.
fxg6 hxg6 22. Bxg6 Kg7 23. Bf5 Kf7 24. Rb2 e5 25. Be3 Ke7 26. Qd3 Qh4 27. g3
Rg8 28. Rg2 Bxg2 29. Kxg2 Nc7 30. Bg6 Qg4 31. Bf5 Qh4 32. a4 Rad8 33. Bg6 Qg4
34. Bf5 Qh5 35. a5 bxa5 36. Bxa7 Ne6 37. Qd5 Nf4+ 0-1

[Event "National interclub championship"]
[Site "Mons"]
[Date "1998.01.11"]
[Round "7"]
[White "Laurent, Bruno"]
[Black "Kern, Guido"]
[Result "0-1"]
[WhiteElo "2190"]
[BlackElo "2395"]
[Board "3"]
[WhiteTeam "L'Échiquier du Grand-Mons"]
[BlackTeam "SK Eupen '47"]
[BlackTitle "IM"]
[PlyCount "66"]
[EventDate "1997.10.05"]
[Source "BelgaBase"]

1. e4 e6 2. d4 d5 3. e5 c5 4. c3 Nc6 5. Nf3 Bd7 6. a3 f6 7. Bd3 fxe5 8. Nxe5
Nxe5 9. dxe5 Qe7 10. O-O Nh6 11. b4 Qf7 12. Bg5 Be7 13. Bxe7 Qxe7 14. Qh5+ Qf7
15. Qg5 O-O 16. Nd2 Rac8 17. c4 Qf4 18. Qxf4 Rxf4 19. Rfd1 Ba4 20. Rdc1 Rd4 21.
Rc3 b5 22. cxb5 c4 23. Rac1 Rd8 24. Bc2 Rxd2 25. Bxa4 Rf8 26. b6 axb6 27. Bd7
Kf7 28. Rf3+ Nf5 29. g4 Ke7 30. gxf5 Kxd7 31. fxe6+ Ke7 32. Rxf8 Kxf8 33. f4 g6
0-1

[Event "National interclub championship"]
[Site "Mons"]
[Date "1998.01.11"]
[Round "7"]
[White "Thirion, Marcel"]
[Black "Wantiez, Fabrice"]
[Result "1/2-1/2"]
[WhiteElo "2220"]
[BlackElo "2110"]
[Board "4"]
[WhiteTeam "SK Eupen '47"]
[BlackTeam "L'Échiquier du Grand-Mons"]
[PlyCount "77"]
[EventDate "1997.10.05"]
[Source "BelgaBase"]

1. e4 e5 2. Bc4 Nc6 3. Nc3 Bc5 4. Qg4 Kf8 5. Qf3 Nf6 6. Nge2 d6 7. h3 Nb4 8.
Bb3 Be6 9. a3 Nc6 10. Nd5 Bxd5 11. Bxd5 Nxd5 12. exd5 Ne7 13. d3 Qd7 14. Ng3
Qa4 15. Bg5 Qxc2 16. O-O Qb3 17. Bxe7+ Kxe7 18. Nf5+ Kf8 19. Rac1 g6 20. Nh6
Kg7 21. Ng4 f5 22. Nxe5 Qxb2 23. Nd7 Qxa3 24. Nxc5 dxc5 25. Qf4 Rac8 26. Qe5+
Kf7 27. Qe6+ Kg7 28. Qe7+ Kg8 29. Qe6+ Kg7 30. Qd7+ Kh6 31. Rc4 Rce8 32. Qxc7
Qxd3 33. Qf4+ Kg7 34. Rxc5 Rhf8 35. Rfc1 Rf7 36. Qa4 Rd8 37. Qxa7 Rxd5 38. Qa1+
Kh6 39. Qa7 1/2-1/2

[Event "National interclub championship"]
[Site "Mons"]
[Date "1998.01.11"]
[Round "7"]
[White "Timmermans, Ivo"]
[Black "Pelle, Guillaume"]
[Result "1/2-1/2"]
[WhiteElo "2205"]
[BlackElo "2180"]
[Board "6"]
[WhiteTeam "SK Eupen '47"]
[BlackTeam "L'Échiquier du Grand-Mons"]
[PlyCount "33"]
[EventDate "1997.10.05"]
[Source "BelgaBase"]

1. e4 c5 2. Nf3 d6 3. d4 cxd4 4. Nxd4 Nf6 5. Nc3 a6 6. Bg5 e6 7. f4 Qb6 8. Qd2
Qxb2 9. Nb3 Qa3 10. Bxf6 gxf6 11. Be2 h5 12. O-O Nc6 13. Kh1 Bd7 14. Nb1 Qb2
15. Nc3 Qa3 16. Nb1 Qb2 17. Nc3 1/2-1/2

[Event "National interclub championship"]
[Site "Tessenderlo"]
[Date "1998.01.25"]
[Round "8"]
[White "van Mil, Johan"]
[Black "Bolzoni, Victor-Angel"]
[Result "1-0"]
[WhiteElo "2435"]
[BlackElo "2250"]
[Board "1"]
[WhiteTeam "OSK Tessenderlo"]
[BlackTeam "CRÉ Brussels"]
[WhiteTitle "IM"]
[BlackTitle "FM"]
[PlyCount "71"]
[EventDate "1997.10.05"]
[Source "BelgaBase"]

1. g3 Nf6 2. Bg2 d5 3. f4 c5 4. Nf3 Nc6 5. O-O g6 6. d3 Bg7 7. Qe1 Bg4 8. Ne5
Bf5 9. Nxc6 bxc6 10. Nc3 Rb8 11. e4 Be6 12. Na4 dxe4 13. Nxc5 Qb6 14. Be3 Ng4
15. Bxe4 Nxe3 16. Qxe3 Bg4 17. Rfe1 O-O 18. Rab1 Rfd8 19. c3 Qa5 20. a4 Rxb2
21. Rxb2 Bxc3 22. Nb3 Qxa4 23. Rbb1 a5 24. Rec1 Qa2 25. Qf2 Qxf2+ 26. Kxf2 Bb4
27. Nc5 Rd6 28. Ke3 Kg7 29. d4 h6 30. Nd3 Re6 31. Rxc6 Bd6 32. d5 Rf6 33. Ne5
g5 34. Ra1 gxf4+ 35. gxf4 a4 36. Rxa4 1-0

[Event "National interclub championship"]
[Site "Tessenderlo"]
[Date "1998.01.25"]
[Round "8"]
[White "Van Houtte, Thierry"]
[Black "Welling, Gerard"]
[Result "1/2-1/2"]
[WhiteElo "2235"]
[BlackElo "2335"]
[Board "2"]
[WhiteTeam "CRÉ Brussels"]
[BlackTeam "OSK Tessenderlo"]
[BlackTitle "IM"]
[PlyCount "111"]
[EventDate "1997.10.05"]
[Source "BelgaBase"]

1. e4 c5 2. c3 b6 3. d4 Bb7 4. Bd3 e6 5. Nf3 Nf6 6. Qe2 Be7 7. O-O Nc6 8. a3
Na5 9. Nbd2 c4 10. Bc2 Qc7 11. Re1 b5 12. Rb1 a6 13. Nf1 h6 14. N3d2 g5 15. Ne3
h5 16. e5 Nd5 17. Nxd5 Bxd5 18. Be4 Qc6 19. Bxd5 Qxd5 20. Qe4 Qxe4 21. Nxe4 Rg8
22. Be3 O-O-O 23. Rbd1 Nc6 24. a4 bxa4 25. Ra1 a3 26. bxa3 Kc7 27. Reb1 Rb8 28.
a4 Rxb1+ 29. Rxb1 g4 30. Nd2 f5 31. exf6 Bxf6 32. Nxc4 Bg5 33. Kf1 d5 34. Bxg5
Rxg5 35. Ne3 Rg8 36. Ke2 Rf8 37. Nc2 e5 38. Nb4 exd4 39. Nxc6 Kxc6 40. cxd4 Rf4
41. Ke3 Re4+ 42. Kd3 Rf4 43. Rb2 a5 44. Rd2 Rf8 45. Re2 Kd6 46. Rb2 Kc6 47. Ke2
Re8+ 48. Kf1 Re4 49. Rd2 Rf4 50. Rd3 Rf8 51. f3 Rb8 52. fxg4 hxg4 53. Rc3+ Kd6
54. Rc5 Rb4 55. Rxa5 Rxd4 56. Kf2 1/2-1/2

[Event "National interclub championship"]
[Site "Tessenderlo"]
[Date "1998.01.25"]
[Round "8"]
[White "van de Plassche, Bas"]
[Black "Kerkhof, Philippe"]
[Result "1-0"]
[WhiteElo "2364"]
[BlackElo "2267"]
[Board "3"]
[WhiteTeam "OSK Tessenderlo"]
[BlackTeam "CRÉ Brussels"]
[WhiteTitle "FM"]
[PlyCount "61"]
[EventDate "1997.10.05"]
[Source "BelgaBase"]

1. e4 d6 2. d4 Nf6 3. Nc3 g6 4. f4 Bg7 5. Nf3 c5 6. dxc5 Qa5 7. Bd3 Qxc5 8. Qe2
O-O 9. Be3 Qa5 10. O-O Bg4 11. Qe1 Bxf3 12. Rxf3 Nc6 13. Kh1 Rac8 14. a3 a6 15.
Rb1 b5 16. Bd2 Qc7 17. Qh4 b4 18. axb4 Nxb4 19. f5 Nxd3 20. cxd3 Rb8 21. g4 Rb3
22. g5 Nh5 23. f6 exf6 24. gxf6 Bxf6 25. Rxf6 Nxf6 26. Qxf6 Qd8 27. Qd4 Qb6 28.
Qxb6 Rxb6 29. Nd5 Rb3 30. Bc3 Rfb8 31. Nf6+ 1-0

[Event "National interclub championship"]
[Site "Tessenderlo"]
[Date "1998.01.25"]
[Round "8"]
[White "Luminet, Denis"]
[Black "Van Beers, Eddy"]
[Result "1/2-1/2"]
[WhiteElo "2285"]
[BlackElo "2275"]
[Board "4"]
[WhiteTeam "CRÉ Brussels"]
[BlackTeam "OSK Tessenderlo"]
[PlyCount "23"]
[EventDate "1997.10.05"]
[Source "BelgaBase"]

1. Nc3 d5 2. e4 d4 3. Nce2 e5 4. Ng3 Bd6 5. Bc4 Nc6 6. Nf3 h5 7. h4 Bg4 8. d3
Nge7 9. c3 Qd7 10. Qa4 Bxf3 11. gxf3 Nd8 12. Qxd7+ 1/2-1/2

[Event "National interclub championship"]
[Site "Tessenderlo"]
[Date "1998.01.25"]
[Round "8"]
[White "Thoeng, Paulus"]
[Black "Duhayon, Yves"]
[Result "1-0"]
[WhiteElo "2295"]
[BlackElo "2145"]
[Board "5"]
[WhiteTeam "OSK Tessenderlo"]
[BlackTeam "CRÉ Brussels"]
[WhiteTitle "FM"]
[PlyCount "89"]
[EventDate "1997.10.05"]
[Source "BelgaBase"]

1. e4 e5 2. Nc3 Nf6 3. g3 d5 4. exd5 Nxd5 5. Bg2 Nxc3 6. bxc3 Bd6 7. Nf3 O-O 8.
O-O Nd7 9. d4 c6 10. Re1 Qc7 11. Qd3 h6 12. Nh4 exd4 13. cxd4 Nf6 14. Bd2 Rd8
15. Rab1 Bf8 16. c4 Be6 17. Rxe6 fxe6 18. Bh3 Qf7 19. Rxb7 Rd7 20. Rxd7 Nxd7
21. Qe4 Re8 22. Qxc6 g5 23. Nf3 Bg7 24. Bxg5 Nf8 25. Be3 Rb8 26. Kg2 Rb2 27. a4
Rc2 28. a5 Qg6 29. c5 Qd3 30. Ne1 Qxe3 31. Nxc2 Qe2 32. Ne3 Bxd4 33. Bxe6+ Kh8
34. Bg4 Qb2 35. Qxh6+ Kg8 36. Be6+ Nxe6 37. Qxe6+ Kh8 38. Qh6+ Kg8 39. Qe6+ Kh8
40. c6 Bxe3 41. Qxe3 Qc2 42. Qe6 Qc5 43. Qc8+ Kh7 44. Qb7+ Kh6 45. c7 1-0

[Event "National interclub championship"]
[Site "Tessenderlo"]
[Date "1998.01.25"]
[Round "8"]
[White "Van Hoolandt, Patrick"]
[Black "Bogaerts, Jan"]
[Result "0-1"]
[WhiteElo "2075"]
[BlackElo "2285"]
[Board "6"]
[WhiteTeam "CRÉ Brussels"]
[BlackTeam "OSK Tessenderlo"]
[BlackTitle "FM"]
[PlyCount "110"]
[EventDate "1997.10.05"]
[Source "BelgaBase"]

1. c4 e5 2. Nc3 Nc6 3. g3 g6 4. Bg2 Bg7 5. d3 d6 6. Rb1 Be6 7. b4 Qd7 8. b5 Nd8
9. a4 Ne7 10. Qb3 O-O 11. a5 Rb8 12. Nd5 Nf5 13. e3 Rc8 14. Ne2 c6 15. Ba3 f6
16. bxc6 bxc6 17. Ndc3 h5 18. a6 Nh6 19. h4 f5 20. Qb4 Ndf7 21. Qa4 Rc7 22. Kd2
Ng4 23. Rhf1 Re8 24. Bb4 d5 25. cxd5 cxd5 26. Qxd7 Rxd7 27. d4 Nd6 28. Bxd6
Rxd6 29. dxe5 Nxe5 30. Nf4 Nc4+ 31. Kd1 Bxc3 32. Nxe6 Rexe6 33. Rb7 Kf8 34. Kc2
Bf6 35. Rxa7 Rxa6 36. Rxa6 Rxa6 37. Bxd5 Ne5 38. e4 fxe4 39. Bxe4 Kg7 40. f4
Ng4 41. Rf3 Ra2+ 42. Kb3 Re2 43. Bc2 Re3+ 44. Rxe3 Nxe3 45. Bd3 Nf5 46. Bxf5
gxf5 47. Kc4 Bd8 48. Kd3 Kf6 49. Ke3 Ke6 50. Kf3 Kd5 51. Ke3 Ba5 52. Kf3 Be1
53. Kg2 Ke4 54. Kh2 Kf3 55. Kh3 Bf2 0-1

[Event "National interclub championship"]
[Site "Tessenderlo"]
[Date "1998.01.25"]
[Round "8"]
[White "Van Herck, Marcel"]
[Black "Winants, Henri"]
[Result "1-0"]
[WhiteElo "2205"]
[BlackElo "2130"]
[Board "7"]
[WhiteTeam "OSK Tessenderlo"]
[BlackTeam "CRÉ Brussels"]
[PlyCount "95"]
[EventDate "1997.10.05"]
[Source "BelgaBase"]

1. e4 c5 2. Nf3 g6 3. d4 cxd4 4. Nxd4 Bg7 5. c4 Nc6 6. Be3 Nf6 7. Nc3 O-O 8.
Be2 d6 9. O-O Bd7 10. Rc1 Nxd4 11. Bxd4 Bc6 12. Qd3 Nd7 13. Bxg7 Kxg7 14. Qd4+
Kg8 15. Nd5 Bxd5 16. exd5 Qb6 17. Qd2 a5 18. Rc3 Rfc8 19. Rb3 Qc7 20. Re3 Re8
21. h4 Nf6 22. h5 gxh5 23. Re1 b6 24. Qd4 Qc5 25. Qf4 Qb4 26. Bd3 Qxb2 27. Rb1
Qxa2 28. Qg5+ Kh8 29. Rxe7 Rxe7 30. Qxf6+ Kg8 31. Qxe7 Qd2 32. Qe4 Qh6 33. Qd4
a4 34. Qxb6 a3 35. Qb7 Qf8 36. Qb3 Qg7 37. Qa2 Qc3 38. Rb3 Qxb3 39. Qxb3 a2 40.
Bf1 a1=Q 41. Qg3+ Qg7 42. Qxd6 h4 43. c5 h3 44. c6 hxg2 45. Bxg2 Ra1+ 46. Kh2
Qd4 47. Qd8+ Kg7 48. Qg5+ 1-0

[Event "National interclub championship"]
[Site "Ghent"]
[Date "1998.01.25"]
[Round "8"]
[White "de Waal, Mark"]
[Black "Fontaine, Robert"]
[Result "1-0"]
[WhiteElo "2245"]
[BlackElo "2365"]
[Board "1"]
[WhiteTeam "Jean Jaurès Ghent"]
[BlackTeam "L'Échiquier du Grand-Mons"]
[BlackTitle "IM"]
[PlyCount "120"]
[EventDate "1997.10.05"]
[Source "BelgaBase"]

1. d4 d5 2. c4 c6 3. Nc3 Nf6 4. Nf3 e6 5. Bg5 h6 6. Bxf6 Qxf6 7. Qc2 Nd7 8. e4
dxe4 9. Qxe4 g6 10. Be2 Bg7 11. O-O O-O 12. Rad1 c5 13. Qe3 b6 14. d5 Ne5 15.
Nd2 Bb7 16. Nde4 Qe7 17. Kh1 f5 18. Nd2 exd5 19. cxd5 f4 20. Qe4 Qf6 21. Nf3
Nf7 22. Bd3 Rad8 23. Rfe1 Nd6 24. Qe6+ Kh7 25. Nh4 Nf5 26. Nxf5 gxf5 27. Qxf6
Rxf6 28. Re7 Ba8 29. Rxa7 Kg6 30. Bc4 Rff8 31. d6 f3 32. g3 Bd4 33. d7 Bxf2 34.
a4 Bd4 35. Bd5 f2 36. Kg2 Kf6 37. Bxa8 Rxa8 38. Rxa8 Rxa8 39. Nb5 Rd8 40. Nxd4
Rxd7 41. Kxf2 cxd4 42. Ke2 Re7+ 43. Kd3 Re4 44. b4 Ke5 45. Ra1 Re3+ 46. Kd2 Rb3
47. a5 bxa5 48. bxa5 Rb2+ 49. Kd3 Rb3+ 50. Kc2 Rc3+ 51. Kd2 Ke4 52. a6 Rc8 53.
a7 Ra8 54. Ra4 h5 55. Ke2 f4 56. gxf4 h4 57. Kf2 Kd3 58. f5 Kc3 59. Ke2 Kc2 60.
Rxd4 Rxa7 1-0

[Event "National interclub championship"]
[Site "Ghent"]
[Date "1998.01.25"]
[Round "8"]
[White "Riemens, Albert"]
[Black "Le Quang, Kim"]
[Result "1/2-1/2"]
[WhiteElo "2185"]
[BlackElo "2265"]
[Board "5"]
[WhiteTeam "Jean Jaurès Ghent"]
[BlackTeam "L'Échiquier du Grand-Mons"]
[BlackTitle "FM"]
[PlyCount "71"]
[EventDate "1997.10.05"]
[Source "BelgaBase"]

1. e4 c5 2. c3 d6 3. d4 Nf6 4. Bd3 cxd4 5. cxd4 g6 6. Ne2 Bg7 7. Nbc3 O-O 8.
O-O Nc6 9. d5 Ne5 10. Bc2 Bd7 11. Be3 b5 12. b4 a5 13. a3 Qb8 14. Bd4 Nc4 15.
Re1 e5 16. dxe6 fxe6 17. f3 Rc8 18. Bb3 Kh8 19. Kh1 Ra6 20. Qd3 Qa8 21. Bxc4
Rxc4 22. Rab1 axb4 23. axb4 Be8 24. Red1 e5 25. Be3 Ra3 26. Qd2 Qc8 27. Qxd6
Rcxc3 28. Nxc3 Rxc3 29. Bg5 Rc6 30. Qd8 h6 31. Bh4 g5 32. Bg3 Nh5 33. Bf2 Bf6
34. Qd5 Nf4 35. Qxb5 Rc2 36. Qf1 1/2-1/2

[Event "National interclub championship"]
[Site "Eupen"]
[Date "1998.01.25"]
[Round "8"]
[White "Claesen, Jeroen"]
[Black "Chuchelov, Vladimir"]
[Result "1/2-1/2"]
[WhiteElo "2320"]
[BlackElo "2545"]
[Board "2"]
[WhiteTeam "LV Leuven"]
[BlackTeam "SK Rochade Eupen"]
[WhiteTitle "FM"]
[BlackTitle "GM"]
[PlyCount "79"]
[EventDate "1997.10.05"]
[Source "BelgaBase"]

1. e4 c5 2. Nc3 e6 3. g3 d5 4. exd5 exd5 5. Bg2 Nf6 6. Nge2 d4 7. Ne4 Nxe4 8.
Bxe4 Nd7 9. O-O Nf6 10. Bg2 Bd6 11. c3 d3 12. Nf4 O-O 13. Nxd3 Bxg3 14. fxg3
Qxd3 15. Qf3 Qxf3 16. Bxf3 Bh3 17. Bxb7 Rae8 18. Bg2 Bxg2 19. Kxg2 Re2+ 20. Rf2
Rfe8 21. b3 Rxf2+ 22. Kxf2 Ng4+ 23. Kg2 f5 24. h3 Ne5 25. d4 cxd4 26. cxd4 Nd3
27. Bg5 h6 28. Rd1 hxg5 29. Rxd3 Re2+ 30. Kf3 Rxa2 31. d5 Kf7 32. d6 Ke8 33. g4
g6 34. gxf5 gxf5 35. Rd5 g4+ 36. hxg4 fxg4+ 37. Kxg4 Kd7 38. Kf5 Re2 39. Ra5
Kxd6 40. Rxa7 1/2-1/2

[Event "National interclub championship"]
[Site "Eupen"]
[Date "1998.01.25"]
[Round "8"]
[White "Winants, Luc"]
[Black "Vanderwaeren, Serge"]
[Result "1/2-1/2"]
[WhiteElo "2515"]
[BlackElo "2320"]
[Board "3"]
[WhiteTeam "SK Rochade Eupen"]
[BlackTeam "LV Leuven"]
[WhiteTitle "IM"]
[BlackTitle "FM"]
[PlyCount "139"]
[EventDate "1997.10.05"]
[Source "BelgaBase"]

1. d4 e6 2. e4 b6 3. Bd3 Bb7 4. Ne2 c5 5. c3 Nf6 6. Nd2 Nc6 7. a3 Na5 8. O-O c4
9. Bc2 Qc7 10. Re1 Be7 11. Ng3 O-O-O 12. Ngf1 Kb8 13. Rb1 Rc8 14. Nf3 h6 15.
Qe2 d6 16. Ng3 Nd7 17. Be3 g6 18. Rbd1 Rcg8 19. d5 e5 20. Nd2 Bg5 21. Ngf1 Rc8
22. f3 Bxe3+ 23. Nxe3 Ba6 24. Rf1 Rce8 25. Kh1 Qc5 26. Rde1 Qb5 27. Rb1 Qc5 28.
Ba4 b5 29. Bc2 Nb6 30. Ng4 Bc8 31. Nf6 Re7 32. Qe1 Qc7 33. Qg3 g5 34. Ra1 Na4
35. Ng4 Qb6 36. Qe1 Rb7 37. Rb1 Nc5 38. Ne3 Qc7 39. Qe2 Rb6 40. g3 h5 41. Qg2
f6 42. Rfc1 Ka8 43. Qf1 h4 44. g4 Rb8 45. Ra1 Bd7 46. Kg2 Rhc8 47. Qe2 Na4 48.
Rab1 Nc5 49. Ndf1 Be8 50. Nf5 Nd7 51. Kh1 Nf8 52. Nd2 Ng6 53. Ne3 Nf4 54. Qe1
Rb7 55. Ng2 Ng6 56. h3 Qb6 57. Kh2 Rbc7 58. Ra1 Nb7 59. Nf1 Nc5 60. Nfe3 Kb8
61. Qd2 Nf4 62. Nxf4 exf4 63. Nf5 Nd7 64. Nd4 Ne5 65. Kg2 a5 66. Rf1 Bd7 67.
Bd1 Rb7 68. Be2 Kc7 69. Rab1 Kd8 70. Rfe1 1/2-1/2

[Event "National interclub championship"]
[Site "Eupen"]
[Date "1998.01.25"]
[Round "8"]
[White "Van Mechelen, Jan"]
[Black "Ahn, Martin"]
[Result "0-1"]
[WhiteElo "2265"]
[BlackElo "2310"]
[Board "4"]
[WhiteTeam "LV Leuven"]
[BlackTeam "SK Rochade Eupen"]
[WhiteTitle "FM"]
[BlackTitle "FM"]
[PlyCount "60"]
[EventDate "1997.10.05"]
[Source "BelgaBase"]

1. e4 c5 2. Nf3 d6 3. Bc4 Nf6 4. d3 Nc6 5. Bb3 g6 6. c3 Bg7 7. Nbd2 Ne5 8. Bc2
O-O 9. O-O b6 10. Re1 Ba6 11. Nf1 Qc7 12. Bg5 Bb7 13. Ne3 Rad8 14. Nd2 d5 15.
d4 cxd4 16. cxd4 Nc4 17. e5 Nxd2 18. Qxd2 Ne4 19. Nxd5 Nxd2 20. Nxc7 Rxd4 21.
Nb5 Rd7 22. Rad1 Rc8 23. Nc3 Rcd8 24. Ba4 Rd4 25. Bxe7 Rg4 26. Ne4 Bxe4 27.
Rxe4 Nf3+ 28. Kf1 Nxh2+ 29. Kg1 Rxd1+ 30. Bxd1 Rxe4 0-1

[Event "National interclub championship"]
[Site "Eupen"]
[Date "1998.01.25"]
[Round "8"]
[White "Meessen, Rudolf"]
[Black "Praet, Maarten"]
[Result "0-1"]
[WhiteElo "2310"]
[BlackElo "2190"]
[Board "5"]
[WhiteTeam "SK Rochade Eupen"]
[BlackTeam "LV Leuven"]
[PlyCount "73"]
[EventDate "1997.10.05"]
[Source "BelgaBase"]

1. d4 Nf6 2. c4 c5 3. d5 b5 4. cxb5 a6 5. f3 axb5 6. e4 Qa5+ 7. Bd2 b4 8. Na3
d6 9. Nc4 Qd8 10. Bg5 g6 11. Bxf6 exf6 12. a3 bxa3 13. Rxa3 Rxa3 14. bxa3 Nd7
15. Qa4 Be7 16. Ne2 O-O 17. Nc3 f5 18. exf5 Bh4+ 19. g3 Qe7+ 20. Kd2 Bg5+ 21.
f4 Bf6 22. Bd3 Bxc3+ 23. Kxc3 Nf6 24. fxg6 Nxd5+ 25. Kc2 hxg6 26. Qa5 Bb7 27.
Rb1 Ra8 28. Qe1 Qd7 29. Nxd6 Rxa3 30. Rxb7 Qa4+ 31. Kc1 Rc3+ 32. Kb2 Rxd3 33.
Rb8+ Kh7 34. Rh8+ Kxh8 35. Nxf7+ Kg8 36. Nh6+ Kh7 37. Qe5 0-1

[Event "National interclub championship"]
[Site "Eupen"]
[Date "1998.01.25"]
[Round "8"]
[White "Houdart, Robert"]
[Black "Coenen, Norbert"]
[Result "0-1"]
[WhiteElo "2115"]
[BlackElo "2335"]
[Board "6"]
[WhiteTeam "LV Leuven"]
[BlackTeam "SK Rochade Eupen"]
[BlackTitle "FM"]
[PlyCount "124"]
[EventDate "1997.10.05"]
[Source "BelgaBase"]

1. d4 Nf6 2. c4 g6 3. Nc3 d5 4. Nf3 Bg7 5. Qb3 dxc4 6. Qxc4 O-O 7. e4 Na6 8.
Bf4 c5 9. Rd1 cxd4 10. Nxd4 Qa5 11. Qb5 Qxb5 12. Bxb5 Nc5 13. e5 Nfd7 14. Nf3
Ne6 15. Bg3 Nb6 16. a4 a6 17. Be2 a5 18. O-O Bd7 19. b3 Rfd8 20. Bh4 Kf8 21.
Bb5 Bxb5 22. Nxb5 h6 23. Bg3 Nd7 24. Rfe1 Ndc5 25. Nfd4 Nxd4 26. Nxd4 Rd5 27.
Nb5 Rxd1 28. Rxd1 Nxb3 29. e6 Rc8 30. Nc7 Nd4 31. Kf1 Nxe6 32. Nxe6+ fxe6 33.
Rb1 Rc4 34. Rxb7 Rxa4 35. Ke2 Ra1 36. Ra7 a4 37. Ra5 Bc3 38. Ra8+ Kf7 39. Kd3
Bf6 40. Kc4 a3 41. Kb3 Bb2 42. Ra7 Rd1 43. Bf4 h5 44. Ra5 Rd5 45. Ra4 Rd3+ 46.
Ka2 Rd4 47. Rxd4 Bxd4 48. Kxa3 Bxf2 49. Kb3 Kf6 50. Kc3 Kf5 51. Bc7 e5 52. Kd3
Bg1 53. h3 Kf4 54. Ke2 Bc5 55. Kf1 Ke3 56. Bxe5 Bd4 57. Bg3 e5 58. Bf2+ Kd3 59.
Be1 e4 60. g4 hxg4 61. hxg4 e3 62. Kg2 Bc3 0-1

[Event "National interclub championship"]
[Site "Brussels"]
[Date "1998.01.25"]
[Round "8"]
[White "Jonkman, Harmen"]
[Black "Cuijpers, Frans André"]
[Result "0-1"]
[WhiteElo "2315"]
[BlackElo "2420"]
[Board "1"]
[WhiteTeam "CC Anderlecht"]
[BlackTeam "K Antwerp SK"]
[WhiteTitle "FM"]
[BlackTitle "IM"]
[PlyCount "66"]
[EventDate "1997.10.05"]
[Source "BelgaBase"]

1. e4 d6 2. d4 Nf6 3. Nc3 g6 4. f4 Bg7 5. Nf3 O-O 6. Bd3 Na6 7. O-O c5 8. d5
Bg4 9. Kh1 e6 10. dxe6 fxe6 11. Be3 Qe7 12. Bxa6 bxa6 13. Qd3 Rab8 14. Nd2 Rfd8
15. h3 d5 16. e5 Bf5 17. exf6 Bxf6 18. Qe2 Rxb2 19. Na4 Rxc2 20. Rac1 c4 21.
Rfe1 Rxc1 22. Rxc1 Qa3 23. Nxc4 Qxa4 24. Ne5 Qe4 25. Re1 d4 26. Bd2 Qxe2 27.
Rxe2 Bh4 28. g4 d3 29. Re3 Bf2 30. gxf5 Bxe3 31. Bxe3 d2 32. Bxd2 Rxd2 33. fxe6
Kf8 0-1

[Event "National interclub championship"]
[Site "Brussels"]
[Date "1998.01.25"]
[Round "8"]
[White "Knoppert, Erik"]
[Black "Mohandesi, Shahin"]
[Result "1-0"]
[WhiteElo "2385"]
[BlackElo "2285"]
[Board "2"]
[WhiteTeam "K Antwerp SK"]
[BlackTeam "CC Anderlecht"]
[WhiteTitle "FM"]
[BlackTitle "FM"]
[PlyCount "81"]
[EventDate "1997.10.05"]
[Source "BelgaBase"]

1. c4 e5 2. Nc3 Nf6 3. g3 Bb4 4. Bg2 O-O 5. Nf3 Re8 6. O-O Nc6 7. Nd5 Bc5 8. a3
a5 9. e3 e4 10. Ng5 Nxd5 11. Nxe4 Nb6 12. Nxc5 d6 13. Na4 Nxc4 14. d4 Ra6 15.
Re1 b5 16. Nc3 Na7 17. Bf1 d5 18. b3 Nd6 19. a4 c6 20. axb5 Naxb5 21. Na4 Ne4
22. Bd3 Qf6 23. f3 Ng5 24. f4 Ne4 25. Bxe4 dxe4 26. Bb2 Nc7 27. d5 Qf5 28. Qd4
f6 29. Nc5 Ra8 30. dxc6 Ne6 31. Nxe6 Bxe6 32. Rec1 Red8 33. Rc5 Rxd4 34. Rxf5
Rd2 35. Bc3 Rc2 36. Rc5 Bxb3 37. f5 a4 38. c7 Rc8 39. Rd1 Rxc3 40. Rd8+ Kf7 41.
Rxc8 1-0

[Event "National interclub championship"]
[Site "Brussels"]
[Date "1998.01.25"]
[Round "8"]
[White "Tondivar, Babak"]
[Black "van Gaalen, Bas"]
[Result "1-0"]
[WhiteElo "2305"]
[BlackElo "2355"]
[Board "3"]
[WhiteTeam "CC Anderlecht"]
[BlackTeam "K Antwerp SK"]
[WhiteTitle "FM"]
[PlyCount "107"]
[EventDate "1997.10.05"]
[Source "BelgaBase"]

1. Nf3 Nf6 2. c4 g6 3. d4 Bg7 4. g3 O-O 5. Bg2 d5 6. cxd5 Nxd5 7. O-O Nb6 8.
Nc3 Nc6 9. d5 Na5 10. Qc2 c6 11. dxc6 Nxc6 12. Rd1 Bd7 13. Be3 Rc8 14. Bxb6
axb6 15. Qd2 Be6 16. Qe3 Qc7 17. Nb5 Qb8 18. Nfd4 Bc4 19. Nxc6 bxc6 20. Nd4 c5
21. Nc6 Rxc6 22. Bxc6 Bxb2 23. Rab1 Bf6 24. Bd5 Ba6 25. a4 Qc7 26. Qb3 e6 27.
Bc4 Ra8 28. Bxa6 Rxa6 29. Qb5 Qc8 30. Rd6 Ra5 31. Qxb6 Rxa4 32. Rc6 Qd7 33.
Qxc5 Ra8 34. e3 h5 35. h4 Be7 36. Qc4 Bf8 37. Rc7 Qd2 38. Rc8 Ra2 39. Rf1 Kg7
40. Qc3+ Qxc3 41. Rxc3 Ra5 42. Rb1 g5 43. hxg5 Rxg5 44. Rc8 Bd6 45. Rd1 Bb4 46.
Rd7 Rf5 47. Kg2 Be1 48. f4 Rf6 49. Rdd8 Rf5 50. Rg8+ Kf6 51. Rc7 Bb4 52. e4 Ra5
53. e5+ Kf5 54. Rg5+ 1-0

[Event "National interclub championship"]
[Site "Brussels"]
[Date "1998.01.25"]
[Round "8"]
[White "Meulders, Richard"]
[Black "Henris, Luc"]
[Result "1/2-1/2"]
[WhiteElo "2290"]
[BlackElo "2250"]
[Board "4"]
[WhiteTeam "K Antwerp SK"]
[BlackTeam "CC Anderlecht"]
[WhiteTitle "FM"]
[BlackTitle "FM"]
[PlyCount "132"]
[EventDate "1997.10.05"]
[Source "BelgaBase"]

1. d4 f5 2. Nc3 Nf6 3. Bg5 e6 4. Bxf6 Qxf6 5. e4 fxe4 6. Nxe4 Qh6 7. Nf3 Be7 8.
Bd3 Nc6 9. c3 b6 10. Qe2 Bb7 11. h4 O-O-O 12. Neg5 Bxg5 13. Nxg5 Rdf8 14. O-O-O
Ne7 15. Be4 Qf6 16. Bxb7+ Kxb7 17. Rd2 Qf5 18. Re1 h6 19. Nf3 Ng6 20. Ne5 Nxh4
21. g4 Qf4 22. Nxd7 Nf3 23. Nxf8 Rxf8 24. Red1 Rf6 25. Kc2 Nxd2 26. Rxd2 g6 27.
Kd1 h5 28. gxh5 Qf5 29. Qe5 Qf3+ 30. Re2 gxh5 31. Ke1 Qh1+ 32. Kd2 Qf3 33. Ke1
Kc8 34. Qe4 Kd7 35. Qxf3 Rxf3 36. d5 exd5 37. Re5 Rh3 38. Rxd5+ Ke6 39. Rg5
Rh1+ 40. Kd2 Kf6 41. Rd5 h4 42. Rh5 Kg6 43. Rh8 h3 44. a4 Kg5 45. b4 Kf4 46.
Ke2 Ke4 47. Rh4+ Kd5 48. Kd3 Ke5 49. Kc4 a6 50. Rh7 h2 51. Rh4 Kf5 52. a5 Kg5
53. Rh7 Kg4 54. Rh6 Kf3 55. Rf6+ Kg2 56. Rg6+ Kxf2 57. Rh6 Kg3 58. Rg6+ Kf4 59.
Rh6 Ke3 60. Rh7 Kd2 61. Rh6 Kc2 62. Rh3 Kb2 63. b5 axb5+ 64. Kxb5 bxa5 65. c4
a4 66. Kb4 a3 {My source claims 1-0, but this is incompatible with the results
 of the match. In addition, the position doesn't seem to warrant a white victory.} 1/2-1/2